000 00607nam a22002417a 4500
003 UA-OsUOA
001 24081
007 ta
008 20040206b un ||||| |||| 00| 0 ukr d
090 _a34(038)
_bЮ70
942 _cBK
040 _aUA-OsUOA
_bukr
_cUA-OsUOA
_dUA-OsUOA
245 _aЮридичні терміни
_bТлумачний словник
_cРед. В.Г.Гончаренко
300 _a320 с.
955 _a0
041 _aukr
080 _a34(038)
020 _a966-06-03-281-2
260 _aКиїв
_bЛибідь
_c2003
044 _aUA
650 7 _2UDC
999 _c310344
_d310344